<?xml version="1.0" encoding="UTF-8"?>
<collection xmlns="http://www.loc.gov/MARC21/slim">
 <record>
  <leader>06101nam a2200373 a 4500</leader>
  <controlfield tag="001">kal2693</controlfield>
  <controlfield tag="003">Gr-AtHEAL</controlfield>
  <controlfield tag="005">20160425064231.0</controlfield>
  <controlfield tag="006">m        d        </controlfield>
  <controlfield tag="008">160413s2015    gr      s           gre|c</controlfield>
  <datafield tag="020" ind1=" " ind2=" ">
   <subfield code="a">9789606034824</subfield>
  </datafield>
  <datafield tag="040" ind1=" " ind2=" ">
   <subfield code="a">GR-AtHEAL</subfield>
   <subfield code="b">gre</subfield>
   <subfield code="c">GR-AtHEAL</subfield>
  </datafield>
  <datafield tag="082" ind1="0" ind2="4">
   <subfield code="a">571</subfield>
   <subfield code="2">23</subfield>
  </datafield>
  <datafield tag="100" ind1="1" ind2=" ">
   <subfield code="a">Μανέτας, Ιωάννης.</subfield>
   <subfield code="8">442</subfield>
  </datafield>
  <datafield tag="245" ind1="1" ind2="0">
   <subfield code="a">Εργαστηριακές ασκήσεις φυσιολογίας φυτών</subfield>
   <subfield code="h">[Ηλεκτρονικός πόρος] </subfield>
   <subfield code="c">Μανέτας, Ιωάννης ; κ.α. ; Κριτικός αναγνώστης,Καραμπουρνιώτης, Γεώργιος ; Γραφιστική επιμέλεια,Μανέτα, Μυρσίνη ; Τεχνική επιμέλεια,Παπαβασιλείου, Σπυρίδων ; Γλωσσική επιμέλεια,Κατσέλη, Ιωάννα.</subfield>
  </datafield>
  <datafield tag="260" ind1=" " ind2=" ">
   <subfield code="a">Αθήνα :</subfield>
   <subfield code="b">Σύνδεσμος Ελληνικών Ακαδημαϊκών Βιβλιοθηκών,</subfield>
   <subfield code="c">c2015.</subfield>
  </datafield>
  <datafield tag="490" ind1=" " ind2=" ">
   <subfield code="a">Ακαδημαϊκά Ηλεκτρονικά Συγγράμματα και Βοηθήματα Κάλλιπος</subfield>
   <subfield code="8">40</subfield>
  </datafield>
  <datafield tag="520" ind1=" " ind2=" ">
   <subfield code="a">Το βιβλίο περιγράφει 21 εργαστηριακές ασκήσεις που αφορούν τη Φυσιολογία των Φυτών, δηλαδή τις λειτουργίες τους και τον τρόπο με τον οποίο οι λειτουργίες αυτές επηρεάζονται από το περιβάλλον και την αναπτυξιακή φάση της ζωής τους. Το αντίστοιχο μάθημα, με αυτόν ή παρεμφερή τίτλο, διδάσκεται ως υποχρεωτικό σε όλα τα Τμήματα/Σχολές Βιολογίας, Γεωπονίας και Δασολογίας ΑΕΙ, και σε αρκετά ΤΕΙ με σχετικό περιεχόμενο σπουδών. Επομένως, απευθύνεται κυρίως στους αντίστοιχους φοιτητές. Οι ασκήσεις είναι χωρισμένες σε έξι κεφάλαια, όσα περίπου και τα αντίστοιχα κεφάλαια των διδακτικών βιβλίων Φυσιολογίας Φυτών. Ο προφανής αρχικός στόχος είναι η εργαστηριακή εμπέδωση της θεωρίας. Ωστόσο, δίδεται ιδιαίτερη έμφαση στην εξοικείωση του φοιτητή με την πειραματική μεθοδολογία και την ποσοτικοποίηση των μετρήσεων. Με την έννοια αυτή, αρκετές ασκήσεις έχουν το χαρακτήρα ενός μικρού ‘ερευνητικού έργου’, όπου ο φοιτητής καλείται να διατυπώσει υποθέσεις, να οργανώσει το κατάλληλο πείραμα, να ελέγξει την αξιοπιστία των μεθόδων και του εξοπλισμού, να αναλύσει ποσοτικά τα αποτελέσματα, να τα επεξεργαστεί στατιστικά και να αποφανθεί για την ορθότητα ή μη της αρχικής υπόθεσης, συζητώντας τις εναλλακτικές ερμηνείες. Στις περισσότερες ασκήσεις απαιτούνται υλικά και εξοπλισμός που συνήθως είναι διαθέσιμος σε ένα τυπικό εργαστήριο Φυσιολογίας Φυτών. Ωστόσο, σε μερικές ασκήσεις τα χρησιμοποιούμενα υλικά και ο εξοπλισμός είναι αρκετά κοινά ώστε η άσκηση να μπορεί να εκτελεστεί και σε ένα εργαστήριο Μέσης Εκπαίδευσης. Με την έννοια αυτή το βοήθημα είναι χρήσιμο όχι μόνο στο φοιτητή που θα ακολουθήσει αυτή τη σταδιοδρομία, αλλά και στον ήδη υπηρετούντα καθηγητή Μέσης Εκπαίδευσης. Τέλος, ένα από τα κεφάλαια του βιβλίου (με τίτλο ‘Φυτά και Περιβάλλον’) περιλαμβάνει 6 ασκήσεις που γίνονται εν μέρει στο ύπαιθρο. Αυτές μπορεί να χρησιμοποιηθούν σε προγράμματα σπουδών που περιλαμβάνουν μαθήματα σχετικά με την Οικοφυσιολογία/Περιβαλλοντική Βιολογία των Φυτών.</subfield>
  </datafield>
  <datafield tag="650" ind1=" " ind2="0">
   <subfield code="a">Plant physiology</subfield>
   <subfield code="8">2072</subfield>
  </datafield>
  <datafield tag="650" ind1=" " ind2="0">
   <subfield code="a">Plant ecophysiology</subfield>
   <subfield code="8">2075</subfield>
  </datafield>
  <datafield tag="653" ind1=" " ind2=" ">
   <subfield code="a">Οικοφυσιολογία φυτών</subfield>
  </datafield>
  <datafield tag="653" ind1=" " ind2=" ">
   <subfield code="a">Φυσιολογία φυτών</subfield>
  </datafield>
  <datafield tag="653" ind1=" " ind2=" ">
   <subfield code="a">Εργαστηριακές ασκήσεις</subfield>
  </datafield>
  <datafield tag="653" ind1=" " ind2=" ">
   <subfield code="a">Επιστήμες της ζωής</subfield>
   <subfield code="a">Λειτουργική και οργανισμικη βιολογία</subfield>
   <subfield code="a">Βοτανική/βιολογία φυτών</subfield>
  </datafield>
  <datafield tag="653" ind1=" " ind2=" ">
   <subfield code="a">Επιστήμες της ζωής</subfield>
   <subfield code="a">Λειτουργική και οργανισμικη βιολογία</subfield>
   <subfield code="a">Βοτανική/βιολογία φυτών</subfield>
   <subfield code="a">Φυσιολογία φυτών</subfield>
  </datafield>
  <datafield tag="700" ind1="1" ind2=" ">
   <subfield code="a">Ψαράς, Γεώργιος</subfield>
   <subfield code="e">Συγγραφέας</subfield>
   <subfield code="8">443</subfield>
  </datafield>
  <datafield tag="700" ind1="1" ind2=" ">
   <subfield code="a">Πετροπούλου, Γεωργία</subfield>
   <subfield code="e">Συγγραφέας</subfield>
   <subfield code="8">444</subfield>
  </datafield>
  <datafield tag="700" ind1="1" ind2=" ">
   <subfield code="a">Γραμματικόπουλος, Γεώργιος</subfield>
   <subfield code="e">Συγγραφέας</subfield>
   <subfield code="8">445</subfield>
  </datafield>
  <datafield tag="700" ind1="1" ind2=" ">
   <subfield code="a">Καραμπουρνιώτης, Γεώργιος</subfield>
   <subfield code="e">Κριτικός αναγνώστης</subfield>
   <subfield code="8">446</subfield>
  </datafield>
  <datafield tag="856" ind1="4" ind2="0">
   <subfield code="u">http://hdl.handle.net/11419/2693</subfield>
   <subfield code="z">Πλήρες Κείμενο - Full text</subfield>
  </datafield>
  <datafield tag="907" ind1=" " ind2=" ">
   <subfield code="a">.b25680109</subfield>
   <subfield code="b">12-06-18</subfield>
   <subfield code="c">29-07-16</subfield>
  </datafield>
  <datafield tag="949" ind1=" " ind2=" ">
   <subfield code="0">0</subfield>
   <subfield code="1">0</subfield>
   <subfield code="2">ddc</subfield>
   <subfield code="4">0</subfield>
   <subfield code="6">571_000000000000000_ΜΑΝ</subfield>
   <subfield code="7">0</subfield>
   <subfield code="8">KALL</subfield>
   <subfield code="8">769</subfield>
   <subfield code="d">2016-04-13</subfield>
   <subfield code="r">2016-04-13</subfield>
   <subfield code="w">2016-04-13</subfield>
   <subfield code="z">571 ΜΑΝ</subfield>
   <subfield code="o">SEAB KALLIPOS</subfield>
  </datafield>
  <datafield tag="998" ind1=" " ind2=" ">
   <subfield code="a">80</subfield>
   <subfield code="a">01</subfield>
   <subfield code="a">02</subfield>
   <subfield code="a">03</subfield>
   <subfield code="a">04</subfield>
   <subfield code="a">05</subfield>
   <subfield code="a">06</subfield>
   <subfield code="a">07</subfield>
   <subfield code="a">08</subfield>
   <subfield code="a">09</subfield>
   <subfield code="a">10</subfield>
   <subfield code="a">11</subfield>
   <subfield code="a">12</subfield>
   <subfield code="a">13</subfield>
   <subfield code="a">14</subfield>
   <subfield code="a">15</subfield>
   <subfield code="a">16</subfield>
   <subfield code="a">17</subfield>
   <subfield code="a">18</subfield>
   <subfield code="a">19</subfield>
   <subfield code="a">20</subfield>
   <subfield code="a">21</subfield>
   <subfield code="a">22</subfield>
   <subfield code="a">23</subfield>
   <subfield code="a">25</subfield>
   <subfield code="a">24</subfield>
   <subfield code="a">26</subfield>
   <subfield code="b">16-05-17</subfield>
   <subfield code="c">m</subfield>
   <subfield code="d">z  </subfield>
   <subfield code="e">-</subfield>
   <subfield code="f">gre</subfield>
   <subfield code="g">gr </subfield>
   <subfield code="h">0</subfield>
  </datafield>
  <datafield tag="942" ind1=" " ind2=" ">
   <subfield code="2">ddc</subfield>
   <subfield code="c">KALLIPOS</subfield>
  </datafield>
 </record>
</collection>
